000 00430nam a22001697a 4500
003 OSt
005 20260606104031.0
008 260606b |||||||| |||| 00| 0 eng d
020 _a9789355427540
082 _a005.133 SOA
100 _aSONI,Manish
245 _aPython ace the Interview Q and A Python
250 _a1st Ed
260 _aMumbai
_bShroff Publishers and Distributors
_c2025
300 _a127p.
942 _2ddc
_cREF
999 _c14004
_d14004